[Event "Steinfurt Bezirksliga 1819"]
[Site "Germany"]
[Date "2019.05.04"]
[Round "10.2"]
[White "Schneider, Richard2222"]
[Black "Hartmann, Viktor"]
[Result "1/2-1/2"]
[WhiteElo "1518"]
[BlackElo "1642"]
[PlyCount "62"]
[EventDate "2018.09.01"]
[EventType "team-tourn"]
[EventRounds "10"]
[EventCountry "GER"]
[SourceTitle "EXT 2020"]
[Source "ChessBase"]
[SourceDate "2019.10.17"]
[SourceVersion "1"]
[SourceVersionDate "2019.10.17"]
[SourceQuality "1"]
[WhiteTeam "Emsdetten Rochade IV"]
[BlackTeam "Ibbenbueren II"]
[WhiteTeamCountry "GER"]
[BlackTeamCountry "GER"]

1. d4 d5 2. Nf3 Nf6 3. Bf4 h6 4. h3 Bf5 5. e3 e6 6. Bd3 Ne4 7. 0-0 Nc6 8. a3 Be7 9. Qe2 a6 10. Nbd2 0-0 11. c4 g5 12. Bh2 g4 13. hxg4 Bh7 14. Ne5 Nxe5 15. Bxe5 Bg5 16. cxd5 exd5 17. f3 Nxd2 18. Bxh7+ Kxh7 19. Qxd2 c6 20. Qd3+ Kg8 21. Kf2 Re8 22. Rae1 Qd7 23. f4 Be7 24. Rh1 Bf8 25. g5 Qg4 26. gxh6 Rxe5 27. dxe5 Re8 28. Rh3 Kh8 29. Reh1 Bc5 30. R1h2 d4 31. h7 Rd8 1/2-1/2

[Event "Steinfurt Bezirksliga 1819"]
[Site "Germany"]
[Date "2019.03.16"]
[Round "8.2"]
[White "Beckmann, Klaus2222"]
[Black "Hartmann, Viktor"]
[Result "1-0"]
[WhiteElo "2064"]
[BlackElo "1642"]
[PlyCount "67"]
[EventDate "2018.09.01"]
[EventType "team-tourn"]
[EventRounds "10"]
[EventCountry "GER"]
[SourceTitle "EXT 2020"]
[Source "ChessBase"]
[SourceDate "2019.10.17"]
[SourceVersion "1"]
[SourceVersionDate "2019.10.17"]
[SourceQuality "1"]
[WhiteTeam "Neuenkirchen"]
[BlackTeam "Ibbenbueren II"]
[WhiteTeamCountry "GER"]
[BlackTeamCountry "GER"]

1. e4 e5 2. Nf3 Nc6 3. Bb5 Nge7 4. c3 a6 5. Ba4 Ng6 6. d4 exd4 7. cxd4 Bb4+ 8. Nc3 h6 9. 0-0 0-0 10. Qd3 d6 11. Be3 Ba5 12. Nd5 Nce7 13. Nxe7+ Qxe7 14. a3 c6 15. b4 Bc7 16. Nd2 f5 17. Bb3+ Kh8 18. f3 f4 19. Bf2 Qg5 20. Rfc1 Bh3 21. Qf1 Nh4 22. Bxh4 Qxh4 23. gxh3 Rf6 24. Kh1 Bb6 25. Qd3 Qxh3 26. Bc2 g6 27. Rg1 Rd8 28. e5 Rf5 29. Rxg6 Rh5 30. Rg2 Rd7 31. Rag1 Rg5 32. Rxg5 hxg5 33. Rxg5 dxe5 34. Qg6 1-0

[Event "Muensterland Verbandsklasse 1819"]
[Site "Germany"]
[Date "2019.02.09"]
[Round "6.7"]
[White "Hartmann, Viktor"]
[Black "Willermann, Norbert"]
[Result "1/2-1/2"]
[WhiteElo "1618"]
[BlackElo "1579"]
[PlyCount "103"]
[EventDate "2018.09.15"]
[EventType "team-tourn"]
[EventRounds "9"]
[EventCountry "GER"]
[SourceTitle "EXT 2020"]
[Source "ChessBase"]
[SourceDate "2019.10.17"]
[SourceVersion "1"]
[SourceVersionDate "2019.10.17"]
[SourceQuality "1"]
[WhiteTeam "Ibbenbueren"]
[BlackTeam "Emsdetten Rochade III"]
[WhiteTeamCountry "GER"]
[BlackTeamCountry "GER"]

1. d4 Nf6 2. c4 c5 3. d5 b5 4. b3 bxc4 5. bxc4 g6 6. Bb2 Bg7 7. Nd2 d6 8. e4 0-0 9. Ngf3 Bg4 10. Be2 Nbd7 11. 0-0 Rb8 12. Bc3 Qc7 13. h3 Bxf3 14. Bxf3 Rb7 15. Re1 Nh5 16. Qc2 Bxc3 17. Qxc3 Nhf6 18. g4 Rfb8 19. g5 Ne8 20. Bg2 Qb6 21. Rab1 Qa6 22. Rxb7 Rxb7 23. a3 Qb6 24. Rb1 Qa6 25. Rxb7 Qxb7 26. f4 Ng7 27. Bf3 Qb6 28. Bg4 Qb7 29. e5 Nb6 30. exd6 exd6 31. Qf6 Qc7 32. Kf2 Ne8 33. Qc3 Qe7 34. Qd3 h5 35. Be2 Ng7 36. Ne4 Nd7 37. Bf3 Nf5 38. Qb3 Nb6 39. a4 Nd4 40. Qb2 Qd8 41. Nf6+ Kf8 42. Qa2 Qc8 43. Bg2 Qa6 44. Bf1 Qxa4 45. Qxa4 Nxa4 46. Ne4 Ke7 47. Ke3 Nb6 48. Kd3 Nd7 49. Kc3 f6 50. gxf6+ Nxf6 51. Ng5 Nd7 52. Bd3 1/2-1/2

[Event "Muensterland Verbandsklasse-A 1213"]
[Site "Germany"]
[Date "2012.09.15"]
[Round "1.7"]
[White "Hartmann, Viktor"]
[Black "Winter, Reinhold"]
[Result "1-0"]
[WhiteElo "1684"]
[BlackElo "1586"]
[PlyCount "83"]
[EventDate "2012.09.15"]
[EventType "team-tourn"]
[EventRounds "9"]
[EventCountry "GER"]
[SourceTitle "EXT 2015"]
[Source "ChessBase"]
[SourceDate "2014.11.20"]
[SourceVersion "1"]
[SourceVersionDate "2014.11.20"]
[SourceQuality "1"]
[WhiteTeam "Ibbenbueren"]
[BlackTeam "Neuenkirchen II"]
[WhiteTeamCountry "GER"]
[BlackTeamCountry "GER"]

1. e4 e6 2. d4 d5 3. e5 c5 4. c3 Nc6 5. Nf3 cxd4 6. cxd4 Bb4+ 7. Bd2 Bxd2+ 8. Nbxd2 Qb6 9. Nb3 Qb4+ 10. Qd2 Nge7 11. Bd3 0-0 12. 0-0 Qxd2 13. Nbxd2 a6 14. a3 b5 15. Nb3 Bd7 16. Nc5 Ra7 17. Rfc1 Rc8 18. Rc3 b4 19. axb4 Nxb4 20. Bf1 Rca8 21. g4 Bb5 22. h4 Bxf1 23. Kxf1 h6 24. Ke2 a5 25. h5 Rb8 26. b3 Nec6 27. Ke3 Kf8 28. Nh4 Ke7 29. f4 Rc8 30. f5 Rac7 31. fxe6 Nxe5 32. Nf5+ Kf6 33. dxe5+ Kxe5 34. e7 d4+ 35. Nxd4 Nd5+ 36. Kd3 Nb4+ 37. Kd2 Kxd4 38. Ne6+ fxe6 39. Rxc7 Re8 40. Rxa5 Nd5 41. Rd7 Rxe7 42. Raxd5+ 1-0

[Event "Steinfurt Bezirksliga 1112"]
[Site "Germany"]
[Date "2012.06.02"]
[Round "9.2"]
[White "Raus, Christina"]
[Black "Hartmann, Viktor"]
[Result "0-1"]
[WhiteElo "1458"]
[BlackElo "1737"]
[PlyCount "69"]
[EventDate "2011.10.01"]
[EventType "team-tourn"]
[EventRounds "9"]
[EventCountry "GER"]
[SourceTitle "EXT 2013"]
[Source "ChessBase"]
[SourceDate "2012.11.22"]
[SourceVersion "1"]
[SourceVersionDate "2012.11.22"]
[SourceQuality "1"]
[WhiteTeam "Steinfurt III"]
[BlackTeam "Ibbenbueren II"]
[WhiteTeamCountry "GER"]
[BlackTeamCountry "GER"]

1. d4 d5 2. c4 dxc4 3. Nc3 c6 4. e3 Nf6 5. Bxc4 Bf5 6. Nf3 h6 7. 0-0 e6 8. Bd2 Be7 9. Rc1 0-0 10. h3 a5 11. Nh4 Bh7 12. a3 Nbd7 13. Nf3 b5 14. Bb3 Rc8 15. Bc2 Bxc2 16. Rxc2 Qb6 17. Na2 Rfd8 18. b4 a4 19. Nc3 Nd5 20. Nxd5 exd5 21. Bc1 Bf6 22. Bb2 Re8 23. Ne1 Qc7 24. Nd3 Qd6 25. Nc5 Nxc5 26. dxc5 Qe6 27. Bxf6 Qxf6 28. Qd4 Qg6 29. Rd2 Re5 30. Qd3 Rce8 31. Qb1 Rg5 32. g3 Rxg3+ 33. fxg3 Qxg3+ 34. Kh1 Qxh3+ 35. Kg1 0-1

[Event "Steinfurt Bezirksliga 1011"]
[Site "Germany"]
[Date "2011.04.16"]
[Round "8.3"]
[White "Olejnik, Jochen"]
[Black "Hartmann, Viktor"]
[Result "1-0"]
[WhiteElo "1652"]
[BlackElo "1686"]
[PlyCount "120"]
[EventDate "2010.10.02"]
[EventType "team-tourn"]
[EventRounds "9"]
[EventCountry "GER"]
[SourceTitle "EXT 2012"]
[Source "ChessBase"]
[SourceDate "2011.11.24"]
[SourceVersion "1"]
[SourceVersionDate "2011.11.24"]
[SourceQuality "1"]
[WhiteTeam "Saerbeck II"]
[BlackTeam "Ibbenbueren II"]
[WhiteTeamCountry "GER"]
[BlackTeamCountry "GER"]

1. e4 c5 2. c4 d6 3. g3 Nf6 4. Nc3 g6 5. Bg2 Bg7 6. Nge2 0-0 7. 0-0 Nc6 8. d3 Bd7 9. Bg5 a6 10. Qd2 Rb8 11. a4 h5 12. Bh6 e5 13. h3 Qc8 14. Kh2 Nd4 15. Nxd4 cxd4 16. Nd5 Nxd5 17. cxd5 Qe8 18. b3 b5 19. a5 Qe7 20. Bxg7 Kxg7 21. f4 f5 22. fxe5 dxe5 23. Rac1 Rbc8 24. Rxc8 Rxc8 25. Rc1 Rxc1 26. Qxc1 Qd6 27. Bf3 b4 28. Qg5 Qf6 29. Qc1 fxe4 30. Bxe4 Qf2+ 31. Bg2 Bf5 32. Qc7+ Kh6 33. Qxe5 Bxd3 34. Qf4+ Qxf4 35. gxf4 Kg7 36. Kg3 Kf6 37. h4 Bc2 38. Kf3 Bd3 39. Bh3 Ke7 40. Be6 Kd6 41. Bf7 Bc2 42. Be6 Bf5 43. Bf7 Kc5 44. Be6 Bc2 45. Bf7 Bxb3 46. d6 Bd1+ 47. Ke4 Kxd6 48. Kxd4 Bc2 49. Bc4 b3 50. Kc3 Kc5 51. Bxa6 Bd1 52. Bd3 Bf3 53. Bxg6 Kd6 54. Kxb3 Ke6 55. f5+ Kf6 56. Kc3 Ke5 57. a6 Ba8 58. Kd3 Bc6 59. Ke3 Ba8 60. a7 Bb7 1-0